ब्रज और पंजाबी संस्कार गीत / (Record no. 112196)

MARC details
000 -LEADER
fixed length control field 01116nam a22002657a 4500
005 - DATE AND TIME OF LATEST TRANSACTION
control field 20170124102935.0
010 ## - LIBRARY OF CONGRESS CONTROL NUMBER
LC control number B-175841
020 ## - INTERNATIONAL STANDARD BOOK NUMBER
Terms of availability 150.00
International Standard Book Number 8180590259
035 ## - SYSTEM CONTROL NUMBER
System control number B-175841
037 ## - SOURCE OF ACQUISITION
Source of stock number/acquisition Cen Lib/Ret
040 ## - CATALOGING SOURCE
Original cataloging agency DPL
Language of cataloging HN
082 ## - DEWEY DECIMAL CLASSIFICATION NUMBER
Classification number 784.4
Item number अमर
100 ## - MAIN ENTRY--PERSONAL NAME
Personal name अमर दिनेश
9 (RLIN) 46284
245 ## - TITLE STATEMENT
Title ब्रज और पंजाबी संस्कार गीत /
Statement of responsibility, etc अमर दिनेश
246 ## - VARYING FORM OF TITLE
Title proper/short title brij or punjabi sanskar geet
Remainder of title by Amar Dinesh
260 ## - PUBLICATION, DISTRIBUTION, ETC. (IMPRINT)
Place of publication, distribution, etc दिल्ली
Name of publisher, distributor, etc श्री प्रकाशन
Date of publication, distribution, etc 2005
270 ## - ADDRESS
Address ए -402,विधुत अपार्टमेंट इन्द्रप्रस्त्थ एक्सटेंशन
City दिल्ली
Postal code 110092
300 ## - PHYSICAL DESCRIPTION
Extent 213पृष्ठ.
Dimensions 21सेमी (सजिल्द )
650 ## - SUBJECT ADDED ENTRY--TOPICAL TERM
Topical term or geographic name as entry element भारतीय संगीत
9 (RLIN) 779
650 ## - SUBJECT ADDED ENTRY--TOPICAL TERM
Topical term or geographic name as entry element पंजाबी संस्कार गीत
9 (RLIN) 46285
650 ## - SUBJECT ADDED ENTRY--TOPICAL TERM
Topical term or geographic name as entry element Indian Music
9 (RLIN) 24925
650 ## - SUBJECT ADDED ENTRY--TOPICAL TERM
Topical term or geographic name as entry element Punjabi funeral song
9 (RLIN) 46286
700 ## - ADDED ENTRY--PERSONAL NAME
9 (RLIN) 45979
942 ## - ADDED ENTRY ELEMENTS (KOHA)
Source of classification or shelving scheme Dewey Decimal Classification
Koha item type Hindi Books
Classification part 784.4
Call number suffix अमर
Holdings
Withdrawn status Lost status Damaged status Not for loan Home library Current library Date acquired Source of acquisition Cost, normal purchase price Total Checkouts Total Renewals Full call number Barcode Date last seen Date checked out Copy number Cost, replacement price Price effective from Koha item type
        Central Library Central Library 07/08/2015 Cen Lib/Ret 150.00 1 1 784.4 अमर B-175841 24/06/2025 30/05/2025 1 150.00 07/08/2015 Hindi Books

© Delhi Public Library
Hit Counter
free hit counter